| 000 | 00536nam a2200145Ia 4500 | ||
|---|---|---|---|
| 008 | 200226s9999 xx 000 0 und d | ||
| 020 | _a978-621-409-152-2 | ||
| 100 | _aDisimulacion, Maria Arlene T. | ||
| 245 |
_cMaria Arlene Tuazon-Disimulacion.-- _aMacro perspectives of tourism and hospitality / |
||
| 260 |
_aMandaluyong City : _bBooks Atbp. Publishing Corp. _c2019 |
||
| 300 |
_axii , 274 pages : _billustration ; _c25 cm. |
||
| 500 | _aIncludes bibliographical references. | ||
| 650 | _aHospitality industry. | ||
| 650 | _aTourism. | ||
| 999 |
_c362969 _d362969 |
||